000 00571nam a2200193Ia 4500
008 131103s9999 xx 000 0 und d
040 _aLoreto College
041 _aEnglish
082 _aB-02/823/BRO
_bLCLIB/EnSem/36305
100 _aBronte, Emily
245 _aWuthering heights
_cEmily Bronte
260 _aHarmondsworth
_bPenguin Books
_c1963(1972 printing)
300 _a373 p.
_c 18 cm.
440 _aThe Penguin English library
504 _aIncludes bibliographical references
650 _aEnglish Fiction
850 _aLCLIB/EnSem/823/BRO
942 _cBK
999 _c6205
_d56684